| 000 | 01139nam a2200313 a 4500 | ||
|---|---|---|---|
| 001 | 33457 | ||
| 003 | BD-RjUL | ||
| 005 | 20211209052018.0 | ||
| 008 | 140508s1994 enk b 001 0 eng d | ||
| 020 | _a080398605X | ||
| 020 | _a0803986068 (pbk.) | ||
| 035 | _a(BD-RjUL)33548 | ||
| 040 |
_aDLC _cDLC _dDLC _dBD-RjUL _beng |
||
| 041 | _aeng | ||
| 082 | 0 | 0 |
_a302.2 _220 _bANE 1994 |
| 100 | 1 |
_aAntaki, Charles. _9101542 |
|
| 245 | 1 | 0 |
_aExplaining and arguing : _bthe social organization of accounts / _cCharles Antaki. |
| 260 |
_aLondon ; _aThousand Oaks, Calif. : _bSage Publications, _c1994. |
||
| 300 |
_a210 p. ; _c24 cm. |
||
| 504 | _aIncludes bibliographical references (p. [195]-203) and index. | ||
| 650 | 0 |
_aCommunication _xPsychological aspects. _945971 |
|
| 650 | 0 |
_aExplanation. _9101543 |
|
| 650 | 0 |
_aAttribution (Social psychology) _9101544 |
|
| 856 | 4 | 2 |
_3Publisher description _uhttp://www.loc.gov/catdir/enhancements/fy0656/94066632-d.html |
| 856 | 4 | 1 |
_3Table of contents only _uhttp://www.loc.gov/catdir/enhancements/fy0656/94066632-t.html |
| 942 |
_2ddc _cBK |
||
| 999 |
_c33457 _d33457 |
||